SQL essentials for dummies (Record no. 397235)

MARC details
000 -LEADER
fixed length control field 00537 a2200205 4500
005 - DATE & TIME
control field 20260406153904.0
008 - FIXED-LENGTH DATA ELEMENTS--GENERAL INFORMATION
fixed length control field 260406b |||||||| |||| 00| 0 eng d
020 ## - ISBN
International Standard Book Number 9789363860384
Price Rs. 595.00
040 ## - CATALOGING SOURCE
Original cataloging agency VIVEKANANDA LIBRARY
082 ## - DDC NUMBER
Classification number 005.74
Book Number B626S
100 ## - MAIN ENTRY--PERSONAL NAME
Personal name Blum, Richard
245 ## - TITLE STATEMENT
Title SQL essentials for dummies
260 ## - PUBLICATION, DISTRIBUTION, ETC. (IMPRINT)
Name of publisher, distributor, etc Wiley India
Date of publication, distribution, etc 2025
Place of publication, distribution, etc New Delhi
300 ## - PHYSICAL DESCRIPTION
Pages xi, 188
650 ## - Subject
Subject Computer Science
650 ## - Subject
Subject Data Files and Databases
650 ## - Subject
Subject Database Management
700 ## - Added Entry Personal Name
Added Entry Personal Name Taylor, Allen G
942 ## - ADDED ENTRY ELEMENTS (KOHA)
Koha item type Books
Holdings
Withdrawn status Lost status Source of classification or shelving scheme Damaged status Not for loan Location (home branch) Sublocation or collection (holding branch) Shelving location Date acquired Koha issues (times borrowed) Koha full call number Accession No. Koha date last seen Koha item type
    Dewey Decimal Classification     VIVEKANANDA LIBRARY VIVEKANANDA LIBRARY UIET Library 17/03/2026   005.74 B626S 431117 17/03/2026 Books
    Dewey Decimal Classification     VIVEKANANDA LIBRARY VIVEKANANDA LIBRARY UIET Library 17/03/2026   005.74 B626S 431116 17/03/2026 Books
    Dewey Decimal Classification     VIVEKANANDA LIBRARY VIVEKANANDA LIBRARY UIET Library 17/03/2026   005.74 B626S 431114 17/03/2026 Books
    Dewey Decimal Classification     VIVEKANANDA LIBRARY VIVEKANANDA LIBRARY UIET Library 17/03/2026   005.74 B626S 431118 17/03/2026 Books
    Dewey Decimal Classification     VIVEKANANDA LIBRARY VIVEKANANDA LIBRARY UIET Library 17/03/2026   005.74 B626S 431115 17/03/2026 Books
© Designed and Maintained by Vivekananda Library, MDU Rohtak